| 000 | 00561 a2200193 4500 | ||
|---|---|---|---|
| 020 | _a0070680299 | ||
| 035 | _a6463961 | ||
| 040 |
_aDLC _bDLC |
||
| 082 | _a338.8 | ||
| 100 | 1 | 0 | _aWalters, Stephen John Kasabuski |
| 245 | 1 | 0 |
_aEnterprise government and the public _cStephen J.K. Walters. |
| 260 | 0 |
_aNew York _b: McGraw-Hill _c, c1993. |
|
| 300 |
_axxii, 591 p. _b: ill. _c; 25 cm. |
||
| 650 | 0 | _aTrade regulation. | |
| 650 | 0 | _aCompetition. | |
| 650 | 0 |
_aMonopolies _xGovernment policy. |
|
| 650 | 0 |
_aPricing _xGovernment policy. |
|
| 942 |
_cBK _k338.8 WAL _2ddc |
||
| 999 |
_c7277 _d7277 |
||